00706cam a2200205ua 45000010005000000080039000050200018000440400009000620410008000710820010000791000024000892450175001132500009002882600028002973000014003256530020003399420007003599990015003669520119003817255141205n ii |||gr||||Z||||||eng a9788192130729 cMAIN aeng a338.9 aDas, P.S.,eEditor.1 aProceeding of the UGC sponsored national seminar on micro economic enterprise buildung mechnism to empowerment of women in Indian scenariocEdited by Purnendu Shekhar Das a1st. aTinsukia:bIQAC,c2011. axiv,336p. aMicro economics cBK c6380d6380 00104070aMAINbMAINcGENd2020-09-19l1o338.9 | PROp22509r2025-08-26 06:23:22s2025-08-19t1w2020-09-19yBK